ARRUPE JESUIT UNIVERSITY

CORONAVIRUS -STOP THE SPREAD - CLEAN,DISINFECT,COVER

Selections from Ancient Irish poetry / (Record no. 122275)

MARC details
000 -LEADER
fixed length control field 01298cam a2200361 a 4500
001 - CONTROL NUMBER
control field 1605606
003 - CONTROL NUMBER IDENTIFIER
control field ARRUPE
005 - DATE AND TIME OF LATEST TRANSACTION
control field 20150327132342.0
008 - FIXED-LENGTH DATA ELEMENTS--GENERAL INFORMATION
fixed length control field 940622r19941913enk b 000 0 eng d
010 ## - LIBRARY OF CONGRESS CONTROL NUMBER
LC control number 94174554
015 ## - NATIONAL BIBLIOGRAPHY NUMBER
National bibliography number GB94-38188
020 ## - INTERNATIONAL STANDARD BOOK NUMBER
International Standard Book Number 0094733805 (pbk.)
035 ## - SYSTEM CONTROL NUMBER
System control number (OCoLC)30547310
040 ## - CATALOGING SOURCE
Original cataloging agency Uk
Transcribing agency Uk
Modifying agency DLC
041 1# - LANGUAGE CODE
Language code of text/sound track or separate title eng
042 ## - AUTHENTICATION CODE
Authentication code lccopycat
050 00 - LIBRARY OF CONGRESS CALL NUMBER
Classification number PB1424.
Item number M4
082 00 - DEWEY DECIMAL CLASSIFICATION NUMBER
Classification number 891.6/211
Edition number 20
300 ## - PHYSICAL DESCRIPTION
Dimensions 22 cm.
100 ## - MAIN ENTRY--PERSONAL NAME
Personal name Meyer, Kuno,
9 (RLIN) 15789
130 0# - MAIN ENTRY--UNIFORM TITLE
Uniform title Selections from ancient Irish poetry.
9 (RLIN) 15790
245 00 - TITLE STATEMENT
Title Selections from Ancient Irish poetry /
Statement of responsibility, etc translated by Kuno Meyer.
250 ## - EDITION STATEMENT
Edition statement 2nd impression
260 ## - PUBLICATION, DISTRIBUTION, ETC. (IMPRINT)
Place of publication, distribution, etc London :
Name of publisher, distributor, etc Constable,
Date of publication, distribution, etc 1911.
300 ## - PHYSICAL DESCRIPTION
Extent xvi, 114, [1] p. ;
500 ## - GENERAL NOTE
General note Originally published: Selections from ancient Irish poetry. 2nd ed. London : Constable & Co., 1913.
504 ## - BIBLIOGRAPHY, ETC. NOTE
Bibliography, etc Includes bibliographical references (p. 111-[115]).
650 #0 - SUBJECT ADDED ENTRY--TOPICAL TERM
Topical term or geographic name as entry element Irish poetry
General subdivision Translations into English.
-- Old Irish
9 (RLIN) 15791
650 #0 - SUBJECT ADDED ENTRY--TOPICAL TERM
Topical term or geographic name as entry element English poetry
General subdivision Translations from Old Irish
9 (RLIN) 16708
700 1# - ADDED ENTRY--PERSONAL NAME
Personal name Meyer, Kuno,
Dates associated with a name 1858-1919.
9 (RLIN) 15792
906 ## - LOCAL DATA ELEMENT F, LDF (RLIN)
a 7
b cbc
c copycat
d 3
e ncip
f 19
g y-gencatlg
942 ## - ADDED ENTRY ELEMENTS (KOHA)
Source of classification or shelving scheme Library of Congress Classification
Koha item type Monograph ( Printed materials)
Holdings
Withdrawn status Lost status Source of classification or shelving scheme Damaged status Not for loan Collection code Home library Current library Shelving location Date acquired Total Checkouts Full call number Barcode Date last seen Price effective from Koha item type
    Library of Congress Classification     Main Collection ARRUPE LIBRARY ARRUPE LIBRARY Main Collection 05/03/2015   PB1424.M4 46500000971 27/02/2019 05/03/2015 Monograph ( Printed materials)

 

Arrupe Library. PO Box MP320 Mt Pleasant, Harare, Zimbabwe
263 242 745411|librarian@aju.ac.zw